| 000 -LEADER |
| fixed length control field |
00516nam a2200169Ia 4500 |
| 020 ## - INTERNATIONAL STANDARD BOOK NUMBER |
| ISBN |
0853342822 |
| 040 ## - CATALOGING SOURCE |
| Transcribing agency |
AGL |
| 082 ## - DEWEY DECIMAL CLASSIFICATION NUMBER |
| Classification number |
630 ELS 1984 A056 Or. |
| 100 1# - MAIN ENTRY--AUTHOR NAME |
| Personal name |
Smith, Peter |
| 245 10 - TITLE STATEMENT |
| Title |
Agricultural project management : |
| Remainder of title |
monitoring and control of implementation / |
| 260 ## - PUBLICATION, DISTRIBUTION, ETC. (IMPRINT) |
| Place of publication |
London ; |
| -- |
New York : |
| Name of publisher |
Elsevier Applied Science Publishers, |
| Year of publication |
1984 |
| 300 ## - PHYSICAL DESCRIPTION |
| Number of Pages |
ix, 190 p. : |
| Other physical details |
ill. ; |
| Dimensions |
23 cm |
| 500 ## - GENERAL NOTE |
| General note |
Includes index |
| 650 #0 - SUBJECT ADDED ENTRY--TOPICAL TERM |
| Topical Term |
Agricultural development projects |
| 650 #0 - SUBJECT ADDED ENTRY--TOPICAL TERM |
| Topical Term |
Agriculture |
| 942 ## - ADDED ENTRY ELEMENTS (KOHA) |
| Koha item type |
សៀវភៅភាសាអង់គ្លេស |
| 952 ## - LOCATION AND ITEM INFORMATION (KOHA) |
| Withdrawn status [LOCAL, KOHA] |
0 |